Movies Quiz

Random Movies or Clip Quiz

Movie by Trailer II Quiz Stats

Quiz Updated Aug 11, 2016

Also try: Food on Film
Challenge
Share
Tweet
Score 0/20 Timer 10:00
1 Play Today
Time Interval Movie % Correct
00:00 - 00:17Austin Powers: International Man of Mystery
81.1%
00:18 - 00:33The Da Vinci Code
81%
01:07 - 01:20Pretty Woman
66.6%
00:50 - 01:06Predator
62.9%
03:59 - 04:18Cast Away
57.5%
05:02 - 05:28Good Will Hunting
55.6%
00:34 - 00:49Amadeus
47.4%
02:16 - 02:27Con Air
46.1%
03:02 - 03:16The Naked Gun: From the Files of Police Squad!
33%
01:42 - 01:57Le fabuleux destin d'Amélie Poulain
29.7%
Time Interval Movie % Correct
03:31 - 03:44Jaws
29%
03:45 - 03:58Fatal Attraction
27.8%
02:44 - 03:01Heat
25.7%
03:17 - 03:30Blade Runner
25.2%
04:37 - 05:01American History X
24.9%
01:58 - 02:15Into the Wild
20.8%
05:29 - 05:49Casino
17.2%
02:28 - 02:43Easy Rider
14.7%
04:19 - 04:36Léon
9.4%
01:21 - 01:41Once Upon a Time in the West
6.9%

You're not logged in!

Compare scores with friends on all Sporcle quizzes.
Sign Up with Email
OR
Log In

You Might Also Like...

Show Comments

Extras

Top Quizzes Today


Score Distribution

Your Account Isn't Verified!

In order to create a playlist on Sporcle, you need to verify the email address you used during registration. Go to your Sporcle Settings to finish the process.